000
00247nam a2200097Ia 4500
005
20250424112834.0
008
250424s9999 xx 000 0 und d
300
_a
v, 184 p. : ill ; 28 cm.
650
_a
Accounting--Nigeria--Periodicals.
942
_c
SR
999
_c
37429
_d
37429